عرض عادي
عرض مارك
- Derivative securities
مدخل مصطلح موضوعي
001 - رقم الضبط
- حقل الضبط: 4623
003 - معرف رقم الضبط
- حقل الضبط: OSt
005 - تاريخ ووقت أخر عملية
- حقل الضبط: 20110915081009.0
008 - عناصر بيانات ثابتة الطول
- حقل تحكم ثابت الطول: 110915|||a|||||| | ||| d
040 ## - مصدر الفهرسة
- هيئة الفهرسة الأصلية: OSt
- وكالة الكتابة: OSt
150 ## - مدخل-- مصطلح تاريخي
- عنصر مدخل المصطلح الموضوعي او الاسم الجغرافي: Derivative securities
670 ## - بيانات المصدر موجوده
- الاستشهاد بالمصدر: Work cat.: (OSt)907: Avellaneda, Marco, 1955- 4622, Quantitative modeling of derivative securities, c2000.
